00505nam a2200133Ia 4500008004100000041000800041082001500049100003200064245005800096260003300154906001500187999001700202952015200219221007s9999 xx 000 0 und d aeng a158.1bSWA aSwami Bodhamayananda996863 aOvercoming Frustration & Building Confidence (Disc 2) c2010bRamakrishna MathaPune a1bGeneral c61310d61310 00104070aHIMRbHIMRd2010-03-06eRamakrishna Mathg40.00iCRB251l0o158.1 SWApHIMR-AV-1144r2022-10-07 00:00:00v39.00w2010-02-26yVCzAV1144